000 00859nam a22001817a 4500
005 20240214114549.0
010 _aHIN-126873
020 _a978-93-92186-868
_c695.00
035 _aHN-99219
037 _bDBAD/PUB
082 _a821.08
100 _aउदय प्रताप सिंह
_962048
245 _aभोजपुरी संस्कृति की सन्त कविता /
_cउदय प्रताप सिंह
260 _aप्रयागराज
_bलोकभारती प्रकाशन
_c2022
270 _aपहली मंजिल, दरबारी बिल्डिंग, महात्मा गाँधी मार्ग
_bप्रयागराज
_e211002
300 _a232 पृष्ठ;
_c22सेमी (सजिल्द)
942 _cHN
_2ddc
_h821.08
_mउदय
999 _c200710
_d200710